Word Ladder: Autumnal Things Quiz Stats

 Plays Quiz Updated Sep 23, 2019

Score 0/30 Timer 04:00
2 Plays Today
Hint 4-Letter Word % Correct
Other name for autumn🍂 FALL 🍂
98.3%
Birthday dessert itemCAKE
97.4%
'_____! I've fallen and I can't get up!'HELP
97.4%
'This and _____'THAT
97.4%
The underworldHELL
97.1%
The leaves are falling off of this🍂 TREE 🍂
96.9%
'More ____ meets the eye'THAN
96.9%
'____ and now'THEN
96.7%
You may put this on to keep warm🍂 COAT 🍂
96.6%
You can use this to gather up leaves🍂 RAKE 🍂
96.5%
List of characters in a playCAST
96.5%
The price of somethingCOST
96.4%
Cut down a treeFELL
96%
Converse informallyCHAT
95.6%
Without cost; released from confinementFREE
95.5%
Hint 4-Letter Word % Correct
Lawyer or detective's workCASE
95.4%
Transform from solid to liquidMELT
95%
'Shall I compare ____ to a summer's day...'THEE
94.8%
An imaginatively recounted storyTALE
94.6%
Lower extremities below the legsFEET
94.1%
Jump across or overLEAP
94.1%
Untidy pile of thingsHEAP
94.1%
'Sarah, Plain and ____'TALL
93.8%
Partner of 'greet' in first encountersMEET
93.8%
Animal's fur coatPELT
92.7%
Ridge on a guitar neckFRET
92.7%
Brazilian soccer legendPELÉ
92.4%
Odd rattling sound in the lungsRALE
90.6%
What you may jump into, with last rung🍂 LEAF 🍂
82.6%
What you may jump into, with first rung🍂 PILE 🍂
82.1%

Today's Daily Dose

You're not logged in!

Compare scores with friends on all Sporcle quizzes.
OR
Log In

Sporcle TV

Today on Sporcle TV


Watch our educational content, quiz creation guides, and fun videos on Sporcle TV.

Show Comments

Extras

Top Quizzes Today


Score Distribution

Your Account Isn't Verified!

In order to create a playlist on Sporcle, you need to verify the email address you used during registration. Go to your Sporcle Settings to finish the process.

Report this User

Report this user for behavior that violates our Community Guidelines.

Details: